<?xml version="1.0" encoding="UTF-8"?>
<collection xmlns="http://www.loc.gov/MARC21/slim">
  <record>
    <leader>00000nam  2200000   4500</leader>
    <controlfield tag="001">INLIS000000000020634</controlfield>
    <controlfield tag="005">20250726031158</controlfield>
    <datafield tag="035" ind1="#" ind2="#">
      <subfield code="a">0010-0725000164</subfield>
    </datafield>
    <controlfield tag="007">ta</controlfield>
    <controlfield tag="008">250726################|##########|#|##</controlfield>
    <datafield tag="084" ind1="#" ind2="#">
      <subfield code="a">R 0018 PKA 2024</subfield>
    </datafield>
    <datafield tag="100" ind1=" " ind2="#">
      <subfield code="a">Himawan Giri Dahlan</subfield>
    </datafield>
    <datafield tag="245" ind1="1" ind2="#">
      <subfield code="a">Transformasi Pengadaan : Sinergi Proses Perencanaan Pengadaan dalam Perencanaan Anggaran Melalui Pedoman Integrasi Perencanaan Pengadaan dan Perencanaan Anggaran /</subfield>
      <subfield code="c">Himawan Giri Dahlan</subfield>
    </datafield>
    <datafield tag="260" ind1="#" ind2="#">
      <subfield code="a">Jakarta :</subfield>
      <subfield code="b">Pusbangkom Pimnas dan Manajerial ASN,</subfield>
      <subfield code="c">2024</subfield>
    </datafield>
    <datafield tag="300" ind1="#" ind2="#">
      <subfield code="a">15 hlm. ;</subfield>
      <subfield code="c">30 cm</subfield>
    </datafield>
    <datafield tag="650" ind1="#" ind2="4">
      <subfield code="a">Transformasi Pengadaan</subfield>
    </datafield>
    <datafield tag="520" ind1="#" ind2="#">
      <subfield code="a">Kurangnya sinergi antara perencanaan pengadaan dan perencanaan anggaran di LKPP telah menimbulkan berbagai masalah pengadaan barang/jasa, seperti ketidaksesuaian rencana pengadaan dengan anggaran yang tersedia, keterlambatan dalam pelaksanaan pengadaan, dan alokasi sumber daya yang tidak optimal. Hal ini tidak hanya menghambat efisiensi dan efektivitas proses pengadaan, tetapi juga berdampak negarif pada kualitas hasil pengadaan.</subfield>
    </datafield>
    <datafield tag="990" ind1="#" ind2="#">
      <subfield code="a">2024/1.2.3/A/0018</subfield>
    </datafield>
  </record>
</collection>
